000 00651nam a2200229Ia 4500
003 OSt
005 20220926004301.0
006 a|||||r|||| 00| 0
007 ta
008 220923b |||||||| |||| 00| 0 eng d
037 _cGeneral Book
040 _aRTL
_cRTL
_beng
041 _2eng
_aeng
082 _aV1,31p.N58, J8.23
110 _aINDIA, RAJYA SABHA
_9263636
245 0 _aRajya sabha
_b Official report.
260 _a New Delhi
_bRajya sabha secretariat
_c1958
300 _aviii; 1694p.
_ccm.
700 _aINDIA, RAJYA SABHA
_9263637
942 _hV1,31p.N58, J8.23
_cGB
_2CC
999 _c610549
_d610549